|
|
|
|
| LEADER |
00965nam a2200337 4500 |
| 001 |
DLU060055935 |
| 005 |
##19851218000000.0 |
| 008 |
##850417s1985 si a b 001 0 eng |
| 010 |
# |
# |
|a 85010696
|
| 020 |
# |
# |
|a 9971966867
|
| 035 |
# |
# |
|9 (DLC) 85010696
|
| 040 |
# |
# |
|a DLC
|c DLC
|d DLC
|
| 082 |
# |
# |
|a 515
|b BE-R
|
| 100 |
# |
# |
|a Bellman, Richard Ernest,
|d 1920-
|
| 245 |
# |
# |
|a Selective computation /
|c Richard E. Bellman.
|
| 260 |
# |
# |
|a Singapore ;
|a Philadelphia, PA, USA :
|b World Scientific,
|c c1985.
|
| 300 |
# |
# |
|a xvi, 222 p. :
|b ill. ;
|c 23 cm.
|
| 440 |
# |
# |
|a [Series in modern applied mathematics ;
|v v. 4]
|
| 500 |
# |
# |
|a Series from jacket.
|
| 504 |
# |
# |
|a Includes bibliographies and index.
|
| 650 |
# |
# |
|a Mathematical analysis.
|
| 923 |
# |
# |
|a 26/2006
|
| 992 |
# |
# |
|a 7200
|
| 994 |
# |
# |
|a DLU
|
| 900 |
# |
# |
|a True
|
| 911 |
# |
# |
|a Thái Thị Thanh Thủy
|
| 925 |
# |
# |
|a G
|
| 926 |
# |
# |
|a A
|
| 927 |
# |
# |
|a SH
|
| 980 |
# |
# |
|a Thư viện Trường Đại học Đà Lạt
|